LDR 00649naa#a2200169#i#450# 001 EN\\bibl\120974 005 20260501184645.5 011 ## _a2073-0454 100 ## _a20251015b2025####ek#y0engy0150####ca 102 ## _aRU 200 1# _aForensic classification of digital information used in crime investigation _eJournal article 210 1# _aMoscow _cMoscow University of the Ministry of Internal Affairs of Russia named after V.Ya. Kikot _d2025 215 ## _a4 с. 608 ## _aJournal article _2local 675 ## _aТактика задержания преступника. Розыск. 343.985.5 _z 700 #1 _aVasyukov _gVitaliy Fedorovich 856 4# _amosumvd.editorum.ru _u